000 01027cam a2200289 i 4500
001 41791
003 Mx-PuUPA
005 20240221141728.0
008 140415s2008 mx a gr 000 0 spa d
020 _a9789707853621
040 _cMx-PuUPA
_aMx-PuUPA
_bspa
_dMx-PuUPA
_erda
041 0 _aspa
100 1 _aGarduño Rubio, Tere,
_915394
_eautor
245 1 4 _aUna educación basada en competencias /
_cTere Garduño Rubio, Ma. Elena Guerra y Sánchez
250 _aPrimera edición
264 1 _aMéxico, D.F :
_bSM de Ediciones,
_c2008
300 _a253 páginas :
_bilustraciones, tablas ;
_c21 cm
336 _2rdacontent
_atexto
_btxt
337 _2rdamedia
_asin medio
_bn
338 _2rdacarrier
_avolumen
_bnc
650 7 _2armarc
_aEducación basada en competencias
_zMéxico
700 1 _aSánchez y Guerra, María Elena,
_eautor
942 _2ddc
_cLI
_h371.102
_iG212
999 _c41791
_d41791